[Event "Tata Steel Group A"]
[Site "Wijk aan Zee NED"]
[Date "2013.01.26"]
[EventDate "2013.01.12"]
[Round "12"]
[Result "1/2-1/2"]
[White "Pentala Harikrishna"]
[Black "Wang Hao"]
[WhiteElo "2698"]
[BlackElo "2752"]
[PlyCount "97"]

1. Nf3 Nf6 2. g3 d5 3. Bg2 g6 4. c4 dxc4 5. Qa4+ Nfd7 6. Qxc4
Bg7 7. O-O O-O 8. d3 Nc6 9. Nc3 Nb6 10. Qh4 e5 11. Qxd8 Rxd8
12. Bg5 f6 13. Be3 Be6 14. Rfc1 Nd5 15. Nxd5 Bxd5 16. Nd2 f5
17. Rc5 Bxg2 18. Kxg2 Bf8 19. Rc4 Bd6 20. Nb3 Ne7 21. Nc5 Bxc5
22. Bxc5 Rd7 23. Re1 Kf7 24. b4 a6 25. a4 Re8 26. Bxe7 Rexe7
27. Rb1 Rd5 28. Kf3 Ke6 29. g4 Rf7 30. gxf5+ Rxf5+ 31. Ke3 c6
32. Rh4 Rf7 33. f3 Rfd7 34. Rc1 Rd4 35. Rc4 Rxh4 36. Rxh4 Kf5
37. Rc4 g5 38. d4 Rd5 39. dxe5 Rxe5+ 40. Kf2 a5 41. h4 h6
42. bxa5 Rxa5 43. Rb4 c5 44. Rxb7 Rxa4 45. e4+ Kg6 46. Rc7
Ra2+ 47. Kg3 Rc2 48. Rc6+ Kh5 49. hxg5 1/2-1/2

[Event "Tata Steel Group A"]
[Site "Wijk aan Zee NED"]
[Date "2013.01.27"]
[EventDate "2013.01.12"]
[Round "13"]
[Result "1-0"]
[White "Wang Hao"]
[Black "Viswanathan Anand"]
[WhiteElo "2752"]
[BlackElo "2772"]
[PlyCount "97"]

1. e4 e5 2. Nf3 Nc6 3. d4 exd4 4. Nxd4 Nf6 5. Nc3 Bb4 6. Nxc6
bxc6 7. Bd3 O-O 8. O-O d5 9. exd5 cxd5 10. h3 c6 11. Qf3 Bd6
12. Re1 h6 13. Bf4 Bxf4 14. Qxf4 Be6 15. Ne2 Qb8 16. b3 Qxf4
17. Nxf4 Rfe8 18. Nxe6 fxe6 19. Bg6 Re7 20. c4 Nd7 21. Rac1
Nf8 22. Bd3 Kf7 23. cxd5 cxd5 24. b4 Nd7 25. Rc6 Nf6 26. a4 e5
27. f3 Rd8 28. Kf2 e4 29. fxe4 dxe4 30. Bc4+ Kg6 31. Ke3 Kh7
32. Rc5 Red7 33. a5 Rd2 34. Re2 Rd1 35. a6 Nd7 36. Rc7 Ne5
37. Be6 Kg6 38. Rxa7 R1d6 39. Ba2 Nc6 40. Rb7 Rd3+ 41. Kf2 Nd4
42. Bf7+ Kf5 43. Re1 Rd2+ 44. Kg1 Kf4 45. Bc4 g6 46. a7 Kg3
47. Bf1 Nf3+ 48. gxf3 exf3 49. Rf7 1-0

[Event "Aeroflot Open (Rapid Final)"]
[Site "Moscow RUS"]
[Date "2013.02.16"]
[EventDate "2013.02.16"]
[Round "1.1"]
[Result "1/2-1/2"]
[White "Dmitry Andreikin"]
[Black "Wang Hao"]
[WhiteElo "2727"]
[BlackElo "2743"]
[PlyCount "132"]

1. Nf3 Nf6 2. g3 d5 3. Bg2 g6 4. c4 dxc4 5. Na3 Bg7 6. Nxc4
O-O 7. O-O Nc6 8. d3 Be6 9. Ne3 h6 10. Bd2 Nd5 11. Nxd5 Bxd5
12. Bc3 e5 13. Nd2 Bxg2 14. Kxg2 Nd4 15. Bxd4 exd4 16. Qb3 Rb8
17. Rac1 c6 18. f4 Re8 19. Rf2 Qb6 20. Qxb6 axb6 21. f5 gxf5
22. Nc4 f4 23. gxf4 b5 24. Nd6 Re6 25. Ne4 f5 26. Ng3 Rf8
27. Rc5 Ref6 28. Kf3 b6 29. Re5 R6f7 30. Re6 Rf6 31. Re5 R6f7
32. Re6 Rf6 33. Rxf6 Rxf6 34. Rf1 Bf8 35. Ra1 b4 36. a4 bxa3
37. bxa3 Kf7 38. Rb1 b5 39. Ra1 c5 40. Rb1 c4 41. Rxb5 c3
42. Rb7+ Kg6 43. Rc7 Bxa3 44. e3 dxe3 45. Rxc3 Bb4 46. Rc4 Bd2
47. Nf1 Re6 48. Ke2 Kh5 49. d4 Rd6 50. Kf3 Re6 51. Ng3+ Kg6
52. d5 e2 53. Nxe2 Re3+ 54. Kf2 Rd3 55. Rc6+ Kg7 56. Rd6 Bb4
57. Rd7+ Kg6 58. Ng3 Rd2+ 59. Ne2 Rd3 60. Ng3 Rd2+ 61. Ke3
Rxh2 62. Rc7 Rh3 63. Rc6+ Kf7 64. Kf2 Be1+ 65. Kxe1 Rxg3
66. Rxh6 Rd3 1/2-1/2

[Event "Aeroflot Open (Rapid Final)"]
[Site "Moscow RUS"]
[Date "2013.02.16"]
[EventDate "2013.02.16"]
[Round "1.2"]
[Result "1-0"]
[White "Wang Hao"]
[Black "Dmitry Andreikin"]
[WhiteElo "2743"]
[BlackElo "2727"]
[PlyCount "180"]

1. d4 Nf6 2. c4 e6 3. Nc3 Bb4 4. e3 O-O 5. Bd3 c5 6. Nf3 Nc6
7. O-O Bxc3 8. bxc3 d6 9. e4 e5 10. d5 Ne7 11. Nh4 Ng6 12. Nf5
Re8 13. Qf3 Bxf5 14. Qxf5 Qd7 15. Qxd7 Nxd7 16. g3 Ne7 17. Bd2
Rf8 18. f4 f6 19. Kg2 Kf7 20. h4 Ke8 21. f5 h5 22. Kf3 Rh8
23. Rfb1 Rb8 24. Ke3 Rh7 25. Be2 Kd8 26. Kd3 Kc7 27. Rg1 Rbh8
28. Rg2 Kd8 29. Rb1 b6 30. Rbg1 Ke8 31. Bd1 Nb8 32. Ba4+ Kf7
33. Be3 Kf8 34. Rb2 Nc8 35. Bf2 Kf7 36. Rgb1 Ke7 37. Bd1 Nd7
38. Bf3 Kf7 39. Rg1 Nb8 40. Be1 Kf8 41. Rbg2 Ne7 42. Kc2 Nd7
43. Kb3 Nb8 44. Ka4 Na6 45. Bd1 Nc7 46. Ka3 Na6 47. Ba4 Nb8
48. Kb2 Ng8 49. Bd1 Ne7 50. Kc2 Nd7 51. Kd3 Nb8 52. Rb2 Nc8
53. Bf2 Kf7 54. Be2 Nd7 55. Rgb1 Ke7 56. Rb3 Kd8 57. Bd1 Ke7
58. R3b2 Nb8 59. Be3 Nd7 60. Ba4 Nb8 61. Ke2 Kf7 62. Kf3 Ke7
63. Rh2 Kf8 64. g4 hxg4+ 65. Kxg4 Ne7 66. h5 Ng8 67. Rbh1 Nh6+
68. Kf3 Nf7 69. Bb5 Ke7 70. Ba4 Nd7 71. Ke2 Nb8 72. Kd3 Kf8
73. Bd1 Nd7 74. Rg2 Nh6 75. Rhg1 Ng8 76. Kc2 Ne7 77. Kb3 Nb8
78. Rg3 Na6 79. Kc2 Nb8 80. Kb3 Na6 81. a4 Nc7 82. a5 bxa5
83. Be2 Kf7 84. Ka3 Rb8 85. Rg6 Kf8 86. Rxg7 Rxg7 87. Bh6 Ne8
88. Bxg7+ Nxg7 89. h6 Ng8 90. h7 Ke7 1-0

[Event "Aeroflot Open (Rapid Final)"]
[Site "Moscow RUS"]
[Date "2013.02.16"]
[EventDate "2013.02.16"]
[Round "2.1"]
[Result "1/2-1/2"]
[White "Sergey Karjakin"]
[Black "Wang Hao"]
[WhiteElo "2786"]
[BlackElo "2743"]
[PlyCount "91"]

1. e4 e5 2. Nf3 Nf6 3. Nxe5 d6 4. Nf3 Nxe4 5. Nc3 Nf6 6. d4
Be7 7. Bd3 O-O 8. h3 Re8 9. O-O Nbd7 10. Re1 Nf8 11. d5 Ng6
12. Nd4 Bd7 13. Be3 c6 14. Bf1 Bf8 15. a4 cxd5 16. Nf3 Bc6
17. b4 a6 18. Bd4 Ne5 19. Rb1 Ne4 20. b5 axb5 21. axb5 Nxf3+
22. Qxf3 Nd2 23. Qg3 Nxb1 24. Rxb1 Bd7 25. Nxd5 Re6 26. Bd3
Ra4 27. c4 g6 28. Nf4 Ra3 29. Nxe6 Bxe6 30. Rc1 Qa5 31. Qf3
Bg7 32. Bxg7 Kxg7 33. Qe2 Kg8 34. Qd1 Ra2 35. Bf1 Qb6 36. Rc2
Rxc2 37. Qxc2 Qd4 38. Qc1 Kg7 39. g3 b6 40. h4 h5 41. Qb1 Bxc4
42. Bxc4 Qxc4 43. Qa1+ Kh7 44. Qa7 Qxb5 45. Qxf7+ Kh6 46. Qf8+
1/2-1/2

[Event "Aeroflot Open (Rapid Final)"]
[Site "Moscow RUS"]
[Date "2013.02.16"]
[EventDate "2013.02.16"]
[Round "2.2"]
[Result "0-1"]
[White "Wang Hao"]
[Black "Sergey Karjakin"]
[WhiteElo "2743"]
[BlackElo "2786"]
[PlyCount "92"]

1. e4 e5 2. Nf3 Nc6 3. d4 exd4 4. Nxd4 Nf6 5. Nxc6 bxc6 6. e5
Qe7 7. Qe2 Nd5 8. c4 Nb6 9. Nc3 Ba6 10. b3 O-O-O 11. Bb2 Re8
12. f4 f6 13. O-O-O fxe5 14. Qxe5 Qxe5 15. fxe5 Rxe5 16. Bd3
Re3 17. Kd2 Re8 18. Rde1 Be7 19. Ne4 d5 20. cxd5 Bb4+ 21. Nc3
Bxd3 22. Kxd3 cxd5 23. a3 Be7 24. Ne2 Nd7 25. Nf4 Bf6 26. Bd4
Bxd4 27. Kxd4 c6 28. Ne6 Re7 29. Ng5 Rhe8 30. Rxe7 Rxe7
31. Nxh7 Re4+ 32. Kc3 Re3+ 33. Kc2 Re2+ 34. Kc3 Rxg2 35. h4
Rg3+ 36. Kc2 Nc5 37. b4 Ne4 38. Kb2 Nd6 39. a4 Nc4+ 40. Kc2 d4
41. Ng5 Rc3+ 42. Kb1 d3 43. Rd1 Rb3+ 44. Ka2 Rb2+ 45. Ka1 d2
46. Ne6 Rc2 0-1

[Event "Norway Chess (Blitz)"]
[Site "Stavanger NOR"]
[Date "2013.05.07"]
[EventDate "2013.05.07"]
[Round "1.3"]
[Result "0-1"]
[White "Peter Svidler"]
[Black "Wang Hao"]
[WhiteElo "2769"]
[BlackElo "2743"]
[PlyCount "96"]

1. g3 d5 2. Bg2 e5 3. d3 Nc6 4. Nd2 Nf6 5. a3 a5 6. e4 Be7
7. Ngf3 O-O 8. O-O Re8 9. exd5 Nxd5 10. Re1 Bf8 11. Nc4 f6
12. Nh4 Be6 13. Ne3 Qd7 14. Nhf5 Nxe3 15. Nxe3 Rad8 16. a4 b6
17. Bd2 Nd4 18. Bc3 g6 19. Nc4 Bf7 20. Nd2 Bg7 21. Ne4 h6
22. Nd2 f5 23. Nf3 c5 24. Nxd4 cxd4 25. Bd2 Bd5 26. b4 Bxg2
27. Kxg2 e4 28. bxa5 e3 29. fxe3 dxe3 30. Bxe3 Bxa1 31. Qxa1
bxa5 32. Bxh6 Rxe1 33. Qxe1 Re8 34. Qc3 Re2+ 35. Kg1 Qb7
36. Qb3+ Qxb3 37. cxb3 Rb2 38. Bf4 Rxb3 39. Bc7 Rxd3 40. Bxa5
Rd4 41. Bc7 Rxa4 42. h4 Ra2 43. Bb6 Kf7 44. Bf2 Ke6 45. Kg2
Ke5 46. Kf3 Ra3+ 47. Be3 Rb3 48. Kf2 Ke4 0-1

[Event "Norway Chess (Blitz)"]
[Site "Stavanger NOR"]
[Date "2013.05.07"]
[EventDate "2013.05.07"]
[Round "2.3"]
[Result "0-1"]
[White "Wang Hao"]
[Black "Viswanathan Anand"]
[WhiteElo "2743"]
[BlackElo "2783"]
[PlyCount "88"]

1. d4 Nf6 2. c4 e6 3. g3 d5 4. Nf3 Bb4+ 5. Bd2 Be7 6. Bg2 O-O
7. O-O Nbd7 8. Qc2 c6 9. Bf4 a5 10. Rd1 Nh5 11. Bc1 f5 12. Nc3
Bd6 13. Ng5 Ndf6 14. c5 Bc7 15. f4 Ne4 16. Nf3 Bd7 17. Rb1 Be8
18. Nxe4 dxe4 19. Ng5 Qc8 20. Qc4 Bf7 21. Bd2 Nf6 22. a3 h6
23. Nxf7 Rxf7 24. b4 axb4 25. axb4 Nd5 26. b5 Ba5 27. b6 Rf8
28. Bf1 Bxd2 29. Rxd2 Ra3 30. Ra2 Rxa2 31. Qxa2 Nc3 32. Qb3
Nxb1 33. Qxb1 Qd7 34. e3 Ra8 35. Bc4 Kf8 36. Kg2 Ra3 37. Qc1
Ra8 38. Qc2 Qf7 39. Qe2 g5 40. Qb2 gxf4 41. exf4 Qf6 42. Kf2
h5 43. h4 Rd8 44. Ke3 Qg7 0-1

[Event "Norway Chess (Blitz)"]
[Site "Stavanger NOR"]
[Date "2013.05.07"]
[EventDate "2013.05.07"]
[Round "3.3"]
[Result "1-0"]
[White "Teimour Radjabov"]
[Black "Wang Hao"]
[WhiteElo "2745"]
[BlackElo "2743"]
[PlyCount "78"]

1. d4 d5 2. Nf3 Nf6 3. Bf4 c5 4. c3 Qb6 5. Qb3 Nc6 6. dxc5
Qxc5 7. e3 g6 8. Nbd2 Bg7 9. h3 O-O 10. Be2 Re8 11. Ne5 Nh5
12. Nd3 Qa5 13. Bh2 e5 14. O-O Nf6 15. a4 Qc7 16. Nf3 b6
17. Nb4 Nxb4 18. Qxb4 a5 19. Qb3 Bb7 20. Rfd1 Nd7 21. Bb5 Nc5
22. Qa2 Re7 23. Rac1 Rd8 24. c4 d4 25. Nxd4 Red7 26. Rf1 Rd6
27. Ne2 Rd2 28. Nc3 Qe7 29. Nd5 Bxd5 30. cxd5 R8xd5 31. Qc4 h5
32. b4 axb4 33. Qxb4 Qf6 34. Bc4 Rd8 35. a5 Nd3 36. Bxd3 R2xd3
37. axb6 Rb8 38. b7 Qe6 39. Rfd1 Rb3 1-0

[Event "Norway Chess (Blitz)"]
[Site "Stavanger NOR"]
[Date "2013.05.07"]
[EventDate "2013.05.07"]
[Round "4.1"]
[Result "1-0"]
[White "Wang Hao"]
[Black "Veselin Topalov"]
[WhiteElo "2743"]
[BlackElo "2793"]
[PlyCount "51"]

1. Nf3 c6 2. g3 d6 3. d4 Nd7 4. c4 e5 5. Nc3 Ngf6 6. Qc2 Be7
7. Bg2 O-O 8. O-O Re8 9. Rd1 Qc7 10. h3 a6 11. a4 a5 12. e4
Bf8 13. Be3 exd4 14. Nxd4 Ne5 15. b3 g6 16. Rd2 Ned7 17. Rad1
Nc5 18. Bg5 Bg7 19. Nde2 Qb6 20. Rxd6 Nfd7 21. Nd5 Qxb3
22. Qxb3 Nxb3 23. Nc7 Re5 24. Nxa8 Rxg5 25. Rxd7 Bxd7 26. Rxd7
1-0

[Event "Norway Chess (Blitz)"]
[Site "Stavanger NOR"]
[Date "2013.05.07"]
[EventDate "2013.05.07"]
[Round "5.3"]
[Result "1/2-1/2"]
[White "Magnus Carlsen"]
[Black "Wang Hao"]
[WhiteElo "2868"]
[BlackElo "2743"]
[PlyCount "128"]

1. e4 c5 2. Nf3 d6 3. c3 Nf6 4. Be2 g6 5. O-O Bg7 6. Bb5+ Bd7
7. Bxd7+ Nfxd7 8. d4 O-O 9. Bg5 Nc6 10. d5 Nce5 11. Nfd2 b5
12. a4 h6 13. Be3 a6 14. Na3 Rb8 15. axb5 axb5 16. Qe2 c4
17. b3 b4 18. cxb4 c3 19. Ndb1 Rxb4 20. Nxc3 Rxb3 21. Nab5 Rb4
22. Rfb1 Rxb1+ 23. Rxb1 Qc8 24. Rb4 Nc5 25. Na7 Qd7 26. Ncb5
Ncd3 27. Rb1 g5 28. Nc6 Ra8 29. Nba7 e6 30. h3 exd5 31. exd5
Re8 32. Nb5 f5 33. Nbd4 f4 34. Bd2 Nc5 35. Qh5 Ne4 36. Bb4 Nf6
37. Qd1 Nxd5 38. Qb3 Qf7 39. Bxd6 Nxc6 40. Nxc6 Qe6 41. Rd1
Qxd6 42. Rxd5 Qe6 43. Nd8 Qe1+ 44. Kh2 Kh7 45. Qd3+ Qe4
46. Qxe4+ Rxe4 47. Rd7 Kg6 48. f3 Re2 49. Nb7 Bc3 50. Nc5 Bf6
51. Rd6 Kg7 52. h4 gxh4 53. Kh3 Bg5 54. Ne4 Kf7 55. Rc6 Kg7
56. Nd6 Kg6 57. Nb5+ Kg7 58. Nd4 Rd2 59. Nf5+ Kh7 60. Rd6 Rxd6
61. Nxd6 Kg6 62. Kg4 h5+ 63. Kh3 Kf6 64. Ne4+ Kf5 1/2-1/2

[Event "Norway Chess (Blitz)"]
[Site "Stavanger NOR"]
[Date "2013.05.07"]
[EventDate "2013.05.07"]
[Round "6.1"]
[Result "1-0"]
[White "Jon Ludvig Hammer"]
[Black "Wang Hao"]
[WhiteElo "2608"]
[BlackElo "2743"]
[PlyCount "91"]

1. d4 d5 2. c4 c6 3. Nf3 Nf6 4. Nc3 dxc4 5. a4 Bf5 6. e3 e6
7. Bxc4 Bb4 8. O-O Nbd7 9. Qe2 Bg4 10. Rd1 Qa5 11. e4 Qh5
12. h3 Bxf3 13. Qxf3 Qxf3 14. gxf3 a5 15. Na2 Be7 16. Be3 O-O
17. Nc1 Rfc8 18. Nb3 Bb4 19. Be2 Kf8 20. Nc1 Ke8 21. Nd3 Be7
22. Rdc1 g6 23. Rab1 Nb8 24. Rc4 Nfd7 25. b3 Rd8 26. f4 f5
27. exf5 exf5 28. d5 Nf6 29. dxc6 Nxc6 30. Bf3 Rxd3 31. Rxc6
Ne4 32. Rb6 Rd7 33. Bxe4 fxe4 34. Re6 Rad8 35. Rxe4 Rd1+
36. Rxd1 Rxd1+ 37. Kg2 Kf7 38. Re5 Bb4 39. Rb5 Rd7 40. Bb6 Rd3
41. Bc7 Ke6 42. Rxb7 Rd7 43. Rb6+ Kf5 44. Rb5+ Ke4 45. Bxa5
Bd6 46. Bd2 1-0

[Event "Norway Chess (Blitz)"]
[Site "Stavanger NOR"]
[Date "2013.05.07"]
[EventDate "2013.05.07"]
[Round "7.5"]
[Result "1/2-1/2"]
[White "Wang Hao"]
[Black "Levon Aronian"]
[WhiteElo "2743"]
[BlackElo "2813"]
[PlyCount "83"]

1. e4 e5 2. Nf3 Nc6 3. d4 exd4 4. Nxd4 Bb4+ 5. c3 Bc5 6. Be3
Bb6 7. Nf5 g6 8. Bxb6 axb6 9. Ne3 Nf6 10. f3 Qe7 11. c4 Qb4+
12. Qd2 Qxd2+ 13. Kxd2 d6 14. Nc3 Kd8 15. f4 Re8 16. Bd3 Nb4
17. Bb1 Nd7 18. Ned5 Nxd5 19. cxd5 Nc5 20. Bc2 f5 21. exf5
Bxf5 22. Rae1 Rf8 23. g3 c6 24. b4 Na6 25. dxc6 bxc6 26. b5
cxb5 27. Bb3 Nc5 28. Nxb5 Kd7 29. Nd4 Be4 30. Rhf1 d5 31. h4
Nxb3+ 32. axb3 Ra2+ 33. Kc3 Rc8+ 34. Kb4 Rc5 35. Rc1 Rd2
36. Rcd1 Rb2 37. Rc1 Kd6 38. Rfd1 Rg2 39. Nb5+ Kc6 40. Nd4+
Kd6 41. Nb5+ Kc6 42. Nd4+ 1/2-1/2

[Event "Norway Chess (Blitz)"]
[Site "Stavanger NOR"]
[Date "2013.05.07"]
[EventDate "2013.05.07"]
[Round "9.3"]
[Result "0-1"]
[White "Wang Hao"]
[Black "Sergey Karjakin"]
[WhiteElo "2743"]
[BlackElo "2767"]
[PlyCount "102"]

1. d4 d5 2. c4 c6 3. Nf3 Nf6 4. e3 a6 5. Nc3 b5 6. b3 Bg4
7. Be2 e6 8. O-O Nbd7 9. h3 Bh5 10. Bb2 Qb8 11. c5 a5 12. Rc1
b4 13. Na4 Be7 14. Ne5 Bxe2 15. Qxe2 Nxe5 16. dxe5 Nd7 17. f4
O-O 18. Qg4 Kh8 19. Bd4 g6 20. Qe2 Qc7 21. g4 Rae8 22. g5 h6
23. h4 hxg5 24. hxg5 Kg7 25. Kg2 Rh8 26. Rh1 Qb8 27. Qa6 Qa8
28. Qxa8 Rxa8 29. Kf3 Rag8 30. Ke2 Kf8 31. Kd3 Ke8 32. a3 Kd8
33. axb4 axb4 34. Ke2 Kc7 35. Kf3 Kb7 36. Ke2 Ka6 37. Ra1 Kb5
38. Rac1 Rxh1 39. Rxh1 Bxc5 40. Rh7 Rf8 41. Bxc5 Nxc5 42. Nxc5
Kxc5 43. Kd3 Kb5 44. e4 dxe4+ 45. Kxe4 c5 46. Kd3 Rd8+ 47. Kc2
Rd7 48. f5 Kc6 49. fxg6 fxg6 50. Rh6 Rg7 51. Kd3 Kd5 0-1

[Event "Norway Chess"]
[Site "Sandnes NOR"]
[Date "2013.05.13"]
[EventDate "2013.05.08"]
[Round "5"]
[Result "1-0"]
[White "Jon Ludvig Hammer"]
[Black "Wang Hao"]
[WhiteElo "2608"]
[BlackElo "2743"]
[PlyCount "97"]

1. d4 Nf6 2. c4 g6 3. f3 Bg7 4. e4 d6 5. Ne2 a6 6. Nec3 c6
7. Na3 b5 8. Nc2 O-O 9. Be3 Nbd7 10. cxb5 axb5 11. Be2 Bb7
12. O-O e5 13. Qd2 exd4 14. Bxd4 Qe7 15. a3 Nc5 16. Rad1 Rfd8
17. Bf2 Ne6 18. Bh4 Rd7 19. Qc1 Qe8 20. Rfe1 Nh5 21. Bf1 Be5
22. g3 f6 23. f4 g5 24. fxe5 gxh4 25. exd6 hxg3 26. hxg3 Rg7
27. Ne2 Nxg3 28. Nxg3 Rxg3+ 29. Kf2 Rg7 30. Ne3 Qh5 31. Nf5
Rg5 32. Re3 Qh2+ 33. Ke1 Nf4 34. d7 Rd8 35. Qc3 Rg1 36. Rg3+
Rxg3 37. Nxg3 Qh4 38. Kf2 Kf7 39. b4 Ne6 40. Qf3 Ng5 41. Qf5
Ne6 42. Bh3 Qf4+ 43. Qxf4 Nxf4 44. Bf5 Ke7 45. Rh1 Rh8 46. Ke3
Ne6 47. Bxe6 Kxe6 48. Rxh7 Rd8 49. Nh5 1-0

[Event "Norway Chess"]
[Site "Sandnes NOR"]
[Date "2013.05.14"]
[EventDate "2013.05.08"]
[Round "6"]
[Result "1/2-1/2"]
[White "Veselin Topalov"]
[Black "Wang Hao"]
[WhiteElo "2793"]
[BlackElo "2743"]
[PlyCount "63"]

1. d4 Nf6 2. c4 e6 3. Nf3 d5 4. Nc3 c5 5. e3 dxc4 6. Bxc4 a6
7. O-O b5 8. Be2 Bb7 9. dxc5 Qxd1 10. Rxd1 Bxc5 11. Nd2 Nbd7
12. Nb3 Bb4 13. Bd2 O-O 14. a4 bxa4 15. Nxa4 a5 16. Bxb4 axb4
17. Nac5 Bd5 18. f3 Rxa1 19. Rxa1 Rc8 20. Rc1 Bxb3 21. Nxb3
Rxc1+ 22. Nxc1 Nc5 23. Kf2 Nd5 24. e4 Nb6 25. Ke3 e5 26. b3
Kf8 27. Bd1 Ke7 28. Na2 Na6 29. Be2 Nc5 30. Bd1 Na6 31. Be2
Nc5 32. Bd1 1/2-1/2

[Event "Norway Chess"]
[Site "Stavanger NOR"]
[Date "2013.05.18"]
[EventDate "2013.05.08"]
[Round "9"]
[Result "1-0"]
[White "Wang Hao"]
[Black "Viswanathan Anand"]
[WhiteElo "2743"]
[BlackElo "2783"]
[PlyCount "75"]

1. c4 c5 2. Nc3 g6 3. Nf3 Bg7 4. d4 cxd4 5. Nxd4 Nc6 6. e3 Nf6
7. Be2 d5 8. cxd5 Nxd5 9. Nxc6 bxc6 10. Na4 O-O 11. O-O Bf5
12. g4 Be6 13. e4 Nb4 14. Nc5 Bxa2 15. Qa4 Qd4 16. Qa5 Rfd8
17. Kg2 Bc4 18. Rd1 Bxe2 19. Rxd4 Rxd4 20. Be3 Rc4 21. Re1
Bxg4 22. b3 Rxc5 23. Bxc5 Nd3 24. Re3 Nxc5 25. Qxc5 e5 26. Rd3
Rc8 27. Qxa7 Bf8 28. Qb7 c5 29. Rd5 f6 30. Rd2 Re8 31. Ra2 Re7
32. Qb6 Rf7 33. f3 Bh5 34. Ra8 Kg7 35. Rxf8 Rxf8 36. Qxc5 g5
37. b4 Ra8 38. b5 1-0

[Event "FIDE Grand Prix Beijing"]
[Site "Beijing CHN"]
[Date "2013.07.04"]
[EventDate "2013.07.04"]
[Round "1.6"]
[Result "1/2-1/2"]
[White "Vassily Ivanchuk"]
[Black "Wang Hao"]
[WhiteElo "2733"]
[BlackElo "2752"]
[PlyCount "55"]

1. d4 Nf6 2. c4 e6 3. Nf3 d5 4. Nc3 c5 5. e3 dxc4 6. Bxc4 a6
7. a4 Nc6 8. O-O Be7 9. Qe2 cxd4 10. Rd1 e5 11. exd4 exd4
12. Nxd4 Nxd4 13. Qe5 Qd6 14. Qxd6 Bxd6 15. Rxd4 Bc5 16. Rd1
O-O 17. Bf4 Bg4 18. Re1 Rac8 19. Nd5 Rfd8 20. Nxf6+ gxf6
21. b3 Kg7 22. h3 Bf5 23. Rad1 Bb4 24. Rxd8 Rxd8 25. Rc1 Ba3
26. Re1 Bb4 27. Rc1 Ba3 28. Re1 1/2-1/2

[Event "FIDE Grand Prix Beijing"]
[Site "Beijing CHN"]
[Date "2013.07.05"]
[EventDate "2013.07.04"]
[Round "2.1"]
[Result "1-0"]
[White "Sergey Karjakin"]
[Black "Wang Hao"]
[WhiteElo "2776"]
[BlackElo "2752"]
[PlyCount "59"]

1. e4 d6 2. d4 Nf6 3. Nc3 g6 4. f4 Bg7 5. Bd3 e5 6. dxe5 dxe5
7. Nf3 exf4 8. Bxf4 O-O 9. Qd2 Nc6 10. O-O-O Be6 11. h3 Nd7
12. Bg5 Bf6 13. h4 h5 14. Qf4 Bxg5 15. hxg5 Qe7 16. Bb5 Nb6
17. Bxc6 bxc6 18. Ne5 Nc4 19. Nxc4 Bxc4 20. g4 Rab8 21. gxh5
Qb4 22. Rd4 Qxb2+ 23. Kd2 Rfd8 24. Qf6 Rxd4+ 25. Qxd4 Qb6
26. Qxc4 Rd8+ 27. Kc1 Rd4 28. Qe2 Qc5 29. Nb1 Qxg5+ 30. Nd2
1-0

[Event "FIDE Grand Prix Beijing"]
[Site "Beijing CHN"]
[Date "2013.07.06"]
[EventDate "2013.07.04"]
[Round "3"]
[Result "1/2-1/2"]
[White "Wang Hao"]
[Black "Alexander Grischuk"]
[WhiteElo "2752"]
[BlackElo "2780"]
[PlyCount "94"]

1. d4 Nf6 2. c4 g6 3. Nc3 d5 4. cxd5 Nxd5 5. Bd2 Nb6 6. e3 Bg7
7. f4 O-O 8. Nf3 a5 9. Rc1 Na6 10. Na4 Nxa4 11. Qxa4 b6
12. Qc6 Ra7 13. Bxa6 Bxa6 14. Kf2 Qd6 15. Ne5 Rc8 16. Rhd1
Bxe5 17. dxe5 Qxc6 18. Rxc6 Bb7 19. Rcc1 Bd5 20. Ra1 Be4
21. g4 c5 22. Be1 Kf8 23. a3 Ke8 24. Rac1 Rd7 25. Rd4 Bc6
26. Rxd7 Kxd7 27. b4 cxb4 28. axb4 a4 29. b5 Bxb5 30. Rxc8
Kxc8 31. Bb4 Bd3 32. Kf3 Kd7 33. e4 Bc2 34. Ke3 h5 35. gxh5
gxh5 36. h4 e6 37. Kd4 Kc6 38. Ba3 Kb5 39. Kc3 Bxe4 40. Bf8
Bg6 41. Ba3 Kc6 42. Kd4 Bh7 43. Bf8 Bg8 44. Ba3 Kd7 45. Bb4
Kc6 46. Ba3 Kd7 47. Bb4 Kc6 1/2-1/2

[Event "FIDE Grand Prix Beijing"]
[Site "Beijing CHN"]
[Date "2013.07.07"]
[EventDate "2013.07.04"]
[Round "4"]
[Result "1-0"]
[White "Shakhriyar Mamedyarov"]
[Black "Wang Hao"]
[WhiteElo "2761"]
[BlackElo "2752"]
[PlyCount "73"]

1. d4 d5 2. c4 c6 3. Nc3 dxc4 4. e3 b5 5. a4 b4 6. Ne4 Qd5
7. Ng3 Nf6 8. Be2 e6 9. e4 Nxe4 10. Bf3 f5 11. Qe2 c3 12. Nxe4
fxe4 13. Bxe4 Qb3 14. Bd3 Ba6 15. Bxa6 Nxa6 16. Qxa6 cxb2
17. Qxc6+ Kf7 18. Bxb2 Qxb2 19. Rc1 b3 20. Qb7+ Be7 21. Qf3+
Kg6 22. Ne2 Rhf8 23. Qe4+ Kf7 24. O-O Rac8 25. d5 Qf6 26. Qxh7
Rxc1 27. Nxc1 Rb8 28. Nd3 b2 29. Rb1 Rb3 30. g3 Bd6 31. dxe6+
Ke7 32. Qe4 Qc3 33. Qf5 Qf6 34. Qd5 Qc3 35. Qh5 Kd8 36. Nxb2
Rxb2 37. Rd1 1-0

[Event "FIDE Grand Prix Beijing"]
[Site "Beijing CHN"]
[Date "2013.07.09"]
[EventDate "2013.07.04"]
[Round "5"]
[Result "1/2-1/2"]
[White "Wang Hao"]
[Black "Veselin Topalov"]
[WhiteElo "2752"]
[BlackElo "2767"]
[PlyCount "98"]

1. d4 Nf6 2. c4 g6 3. g3 Bg7 4. Bg2 d5 5. cxd5 Nxd5 6. Nf3 O-O
7. O-O Nb6 8. Nc3 Nc6 9. e3 e5 10. d5 Na5 11. Nd2 f5 12. e4
Nac4 13. Na4 Nd6 14. Nc5 a5 15. b3 Qe7 16. a4 Rd8 17. Ba3 Qf7
18. Rc1 fxe4 19. Ndxe4 Nxe4 20. Nxe4 Nxd5 21. Nd6 cxd6
22. Rxc8 Nf6 23. Rxa8 Rxa8 24. Re1 Re8 25. Bb2 Qc7 26. Qd3 Qb6
27. Rd1 e4 28. Qxd6 Qxb3 29. Qd4 Rf8 30. Bf1 Kh8 31. Rd2 h5
32. Bg2 Re8 33. h3 Kh7 34. Qc3 Qxc3 35. Bxc3 e3 36. Re2 exf2+
37. Kf1 Rc8 38. Bxa5 Rc4 39. Re7 Rxa4 40. Bc3 Kg8 41. Rxb7 Ra6
42. Rb8+ Kh7 43. Rb7 Kg8 44. Bd4 Ra4 45. Bb2 Ra6 46. Kxf2 Rd6
47. Ke2 Rd7 48. Bxf6 Rxb7 49. Bxb7 Bxf6 1/2-1/2

[Event "FIDE Grand Prix Beijing"]
[Site "Beijing CHN"]
[Date "2013.07.10"]
[EventDate "2013.07.04"]
[Round "6"]
[Result "1-0"]
[White "Wang Yue"]
[Black "Wang Hao"]
[WhiteElo "2705"]
[BlackElo "2752"]
[PlyCount "113"]

1. Nf3 d5 2. d4 Nf6 3. c4 e6 4. Nc3 dxc4 5. g3 a6 6. Bg2 Nbd7
7. O-O Rb8 8. a4 Bb4 9. Qc2 O-O 10. Rd1 b5 11. axb5 axb5
12. Ne5 Nxe5 13. dxe5 Nd7 14. Be3 Bb7 15. Bxb7 Rxb7 16. Qe4 c6
17. Qxc6 Qc8 18. Qxc8 Rxc8 19. Nxb5 Nxe5 20. Na7 Rf8 21. Bd4
f6 22. Rdc1 Ra8 23. Bxe5 fxe5 24. Nc6 Rxa1 25. Rxa1 Bf8
26. Ra2 Rb5 27. Kf1 h6 28. h4 g6 29. Ra4 Rc5 30. Na5 c3
31. bxc3 Rxc3 32. Nc4 Bg7 33. Nd6 Rc6 34. Ra8+ Bf8 35. Ne4 Rc4
36. Nd2 Rd4 37. Nf3 Rd5 38. Ra4 Kf7 39. Kg2 Bg7 40. Ne1 Bf6
41. Kf3 Rd7 42. Nd3 h5 43. Nc5 Rc7 44. Ne4 Ke7 45. Ra5 Bg7
46. Ra6 Bf6 47. Rb6 Kf7 48. e3 Be7 49. Rb5 Bf6 50. Kg2 Rc6
51. Rb7+ Be7 52. Kf3 Ra6 53. Nc5 Ra5 54. Nd7 Ke8 55. Ke4 Bd6
56. Nf6+ Kf8 57. Nh7+ 1-0

[Event "FIDE Grand Prix Beijing"]
[Site "Beijing CHN"]
[Date "2013.07.14"]
[EventDate "2013.07.04"]
[Round "9"]
[Result "1/2-1/2"]
[White "Wang Hao"]
[Black "Boris Gelfand"]
[WhiteElo "2752"]
[BlackElo "2773"]
[PlyCount "166"]

1. Nf3 c5 2. c4 Nc6 3. Nc3 Nf6 4. e3 e6 5. d4 d5 6. a3 a6
7. dxc5 Bxc5 8. b4 Ba7 9. Bb2 O-O 10. Qc2 Qe7 11. Rd1 Rd8
12. Be2 dxc4 13. Rxd8+ Nxd8 14. Ne4 Nxe4 15. Qxe4 c3 16. Bxc3
Bd7 17. O-O Rc8 18. Rc1 Ba4 19. h4 Bb8 20. Qb1 f5 21. g3 Nf7
22. Ba1 Rxc1+ 23. Qxc1 Bc6 24. Qc3 Nd6 25. Qc5 Bd5 26. Be5 Qd8
27. Qc2 Nf7 28. Bxb8 Qxb8 29. Nd4 Nd6 30. a4 Qc8 31. Qd1 Ne4
32. Bf1 Qc3 33. Bg2 Qxb4 34. Nxf5 Qf8 35. Bxe4 Bxe4 36. Nd4
Bd5 37. Qh5 h6 38. Qe5 Qb4 39. f3 Qxa4 40. e4 Bc4 41. Nxe6
Qd1+ 42. Kh2 Qd2+ 43. Kg1 Qe1+ 44. Kh2 Qd2+ 45. Kg1 Qd7
46. Qb8+ Kf7 47. Nf4 a5 48. h5 a4 49. g4 a3 50. Ng6 Qd1+
51. Kh2 Qd2+ 52. Kg3 Qe1+ 53. Kh2 Qf2+ 54. Kh1 Qxf3+ 55. Kh2
Qe2+ 56. Kg3 Qe1+ 57. Kh2 Qf2+ 58. Kh1 Qf1+ 59. Kh2 Qe2+
60. Kg3 Qe3+ 61. Kh2 Qc5 62. Ne5+ Ke7 63. Qxb7+ Ke6 64. Nxc4
Qxc4 65. Qxg7 Qe2+ 66. Kg3 Qe3+ 67. Kh2 Qg5 68. Qa7 Qh4+
69. Kg2 Qxg4+ 70. Kf2 Qf4+ 71. Kg1 Qg3+ 72. Kf1 Qf3+ 73. Ke1
Kf6 74. Kd2 Kg5 75. Qg1+ Kxh5 76. Qh2+ Kg4 77. Qxh6 a2
78. Qg7+ Kh3 79. Qh8+ Kg2 80. Qg7+ Qg3 81. Qb2 Kh1 82. Kc2
Qg2+ 83. Kb3 Qxe4 1/2-1/2